000 00513nam a2200181Ia 4500
003 GCL
008 140319s9999 xx 000 0 ara d
040 _aGCL /
_cGCL
082 0 4 _aط
_b398.245
_bع ح
100 1 _aامير سعيد السحار
245 1 0 _aايهما اكثر? /
_cامير سعيد السحار
260 _a[S.N] :
_bمكتبة مصر
300 _aمتعددة
490 _aحكايات امير
_v0
650 0 4 _aالاطفال
650 0 4 _aقصص الاطفال
942 _2ddc
_cBK
999 _c36747
_d36747